Etetés télidöben Egy új elmélet világpremierje Kassán

Podrobná bibliografia
Hlavný autor: Balassa, Zoltán, 1949- (Autor)
Médium: Článok
Jazyk:maďarčina
Predmet:

MARC

LEADER 00000nab a2200000 a 4500
001 vtls000924290
003 SK-MaSNL
005 20260505084112.0
008 040720e19970108xo 0 hun
035 |a KE33167 
040 |a KEVKJB  |b slo  |c KEVKJB  |e AACR2 
041 1 |a hun 
044 |a xo  |c SK 
080 |a 885.4-051  |2 1981 
080 |a 027.52  |2 1981 
100 1 |a Balassa, Zoltán,  |d 1949-  |4 aut  |9 502859 
245 1 0 |a Etetés télidöben  |b Egy új elmélet világpremierje Kassán 
600 1 7 |a Patarák, Ján,  |d 1936-2019  |2 KEVKJB  |9 112470 
610 2 7 |a Verejná knižnica Jána Bocatia v Košiciach  |2 KEVKJB  |9 29554 
650 0 7 |a prednášky  |2 KEVKJB  |9 50071 
650 2 7 |a verejné knižnice  |2 KEVKJB  |9 28929 
651 7 |a Košice (Slovensko)  |2 KEVKJB  |9 18694 
773 0 8 |t Szabad Újság  |g Roč. 5  |g Roč. 28, č.2, 8.1.1997, s. 14 
852 |a ZVYKNI  |b KIS3GCP 
999 |c 3265767  |d 3267697